Escritores representativos de América
Gorde:
| Egile nagusia: | |
|---|---|
| Formatua: | Liburua |
| Hizkuntza: | Undetermined |
| Argitaratua: |
Madrid, España
Gredos
1964
|
| Gaiak: | |
| Etiketak: |
Etiketa erantsi
Etiketarik gabe, Izan zaitez lehena erregistro honi etiketa jartzen!
|
MARC
| LEADER | 00000nam a2200000Ia 4500 | ||
|---|---|---|---|
| 008 | 170316s9999 xx 000 0 und d | ||
| 040 | |a cru BVZT | ||
| 090 | |a 860 S-9e 2ª serie v.2 | ||
| 100 | |a Sánchez, Luis Alberto | ||
| 245 | |a Escritores representativos de América | ||
| 260 | |a Madrid, España | ||
| 260 | |b Gredos | ||
| 260 | |c 1964 | ||
| 300 | |a 222 páginas Segunda serie. Vol. 2 | ||
| 650 | |a LITERATURA LATINOAMERICANA | ||
| 650 | |a ESCRITORES REPRESENTATIVOS DE AMÉRICA | ||
| 650 | |a GUILLERMO VALENCIA | ||
| 650 | |a LEOPOLDO LUGONES | ||
| 650 | |a JULIO HERRERA Y REISSIG | ||
| 650 | |a FLORENCIO SÁNCHEZ | ||
| 650 | |a ENRIQUE LARRETA | ||
| 650 | |a FRANZ TAMAYO | ||
| 650 | |a ALCIDES ARGUEDAS | ||
| 650 | |a HORACIO QUIROGA | ||
| 650 | |a LUIS CARLOS LÓPEZ | ||
| 650 | |a FERNANDO ORTIZ Y FERNÁNDEZ | ||
| 650 | |a AUGUSTO D` HALMAR | ||
| 650 | |a EVARISTO CARRIEGO | ||
| 650 | |a RICARDO MIRÓ | ||
| 650 | |a RAFAEL ARÉVALO MARTÍNEZ | ||
| 650 | |a MIGUEL ÁNGEL OSORIO | ||
| 650 | |a RÓMULO GALLEGOS | ||
| 999 | |c 9269 |d 9269 | ||
| 942 | |c 15 D |h 860 S-9e 2ª serie v.2 |2 z | ||
